000 01234nam a2200301Ia 4500
001 ebr10351932
003 CaPaEBR
006 m u
007 cr cn|||||||||
008 090706s2010 cau sb 001 0 eng d
010 _z 2009027721
020 _z9780470405444 (hardback)
040 _aCaPaEBR
_cCaPaEBR
035 _a(OCoLC)646879202
050 1 4 _aHD58.8
_b.P7 2010eb
245 0 0 _aPracticing organization development
_h[electronic resource] :
_ba guide for leading change /
_cedited by William J. Rothwell ... [et al.].
250 _a3rd ed.
260 _aSan Francisco :
_bJossey-Bass,
_cc2010.
300 _axx, 684 p.
504 _aIncludes bibliographical references and index.
533 _aElectronic reproduction.
_bPalo Alto, Calif. :
_cebrary,
_d2010.
_nAvailable via World Wide Web.
_nAccess may be limited to ebrary affiliated libraries.
650 0 _aOrganizational change
_xManagement.
650 0 _aBusiness consultants
_vHandbooks, manuals, etc.
655 7 _aElectronic books.
_2local
700 1 _aRothwell, William J.,
_d1951-
710 2 _aebrary, Inc.
856 4 0 _uhttp://site.ebrary.com/lib/rucke/Doc?id=10351932
_zAn electronic book accessible through the World Wide Web; click to view
999 _c154423
_d154423